GDR: German Democratic Republic
| Corporate Author: | |
|---|---|
| Format: | Print Book |
| Language: | English |
| Published: |
London
Amnesty International Publ.
1981
|
| In: |
Briefing paper / Amnesty International (18)
Year: 1981 |
| Edition: | 2nd ed. |
| Availability in Tübingen: | Present in Tübingen. UB: KB 3 E 497 |
| Check availability: | HBZ Gateway |
| Subito Delivery Service: | Order now. |
MARC
| LEADER | 00000cam a22000002c 4500 | ||
|---|---|---|---|
| 001 | 1090115598 | ||
| 003 | DE-627 | ||
| 005 | 20220514122155.0 | ||
| 007 | tu | ||
| 008 | 900403s1981 xx ||||| 00| ||eng c | ||
| 035 | |a (DE-627)1090115598 | ||
| 035 | |a (DE-576)020115598 | ||
| 035 | |a (DE-599)BSZ020115598 | ||
| 035 | |a (OCoLC)311142552 | ||
| 040 | |a DE-627 |b ger |c DE-627 |e rakwb | ||
| 041 | |a eng | ||
| 245 | 0 | 0 | |a GDR |b German Democratic Republic |
| 250 | |a 2nd ed. | ||
| 264 | 1 | |a London |b Amnesty International Publ. |c 1981 | |
| 300 | |a 16p. | ||
| 336 | |a Text |b txt |2 rdacontent | ||
| 337 | |a ohne Hilfsmittel zu benutzen |b n |2 rdamedia | ||
| 338 | |a Band |b nc |2 rdacarrier | ||
| 490 | 1 | |a Amnesty International briefing paper |v 18 | |
| 583 | 1 | |a Archivierung prüfen |c 20200919 |f DE-640 |z 1 |2 pdager | |
| 710 | 2 | |a Amnesty International |0 (DE-588)2003911-6 |0 (DE-627)101468911 |0 (DE-576)191596671 |4 oth | |
| 810 | 2 | |a Amnesty International |t Briefing paper / Amnesty International |v 18 |9 18 |w (DE-627)130968374 |w (DE-576)013760696 |w (DE-600)1069516-3 |x 0308-7115 |7 am | |
| 951 | |a BO | ||
| ELC | |b 1 | ||
| LOK | |0 000 xxxxxcx a22 zn 4500 | ||
| LOK | |0 001 2143075022 | ||
| LOK | |0 003 DE-627 | ||
| LOK | |0 004 1090115598 | ||
| LOK | |0 005 20020606000000 | ||
| LOK | |0 008 900403||||||||||||||||ger||||||| | ||
| LOK | |0 040 |a DE-21 |c DE-627 |d DE-21 | ||
| LOK | |0 852 |a DE-21 | ||
| LOK | |0 852 1 |c KB 3 E 497 |9 00 | ||
| LOK | |0 935 |a krim | ||
| LOK | |0 936ln |a k10.4.1 | ||
| LOK | |0 939 |a 03-04-90 |b l01 | ||
| ORI | |a SA-MARC-krimdoka001.raw | ||
| SIG | |a UB: KB 3 E 497 | ||
